00626nam a22002057a 450000500170000001000130001702000220003003500130005203700160006504000120008108200150009310000240010824500710013226000440020327000460024730000250029350000200031865000420033865000400038020170124110146.0 aA-939130 c195.00a812031449 aA-939130 bCen Lib/Ret aDPLbEN a658.5bKRI aKrishnaswamy, K. N. aCase in production/oprerations management /cby K. N. Krishnaswamy bPrintice-Hall of IndiaaNew Delhic1998 bNew DelhiaM-97, Cannaught Circuse110001 avii,294p. c24cm(Hb) aIncludes index  aProduction management -- Case studies aFacility management -- Case studies